000 01104cam a2200349 a 4500
001 2347
003 FISKH
005 20250808142325.0
008 081020s2009 nyua b 000 1 eng
010 _a 2008044687
020 _a9780670010974 (hardcover)
020 _a9780545333184
040 _aDLC
_cDLC
_dDLC
_beng
042 _alcac
050 0 0 _aPZ7.K6797
_bHpk 2009
082 0 0 _a[Fic]
_222
100 1 _aKline, Suzy.
245 1 0 _aHorrible Harry on the ropes /
_cby Suzy Kline ; pictures by Amy Wummer.
250 _aFirst Scholastic printing, January 2011
260 _aNew York :
_bScholastic,
_c2009.
300 _a68 pages :
_billustrations ;
_c20 cm
505 _aN
520 _aA special Valentine's Day card helps third-grader Harry overcome his fear of climbing the rope in gym class.
521 1 _a580
_bLexile
521 1 _aN
_bRaz-Plus
650 1 _aSchools
_vFiction.
650 1 _aFear
_vFiction.
650 1 _aValentine's Day
_vFiction.
700 1 _aWummer, Amy,
_eillustrator
906 _a7
_bcbc
_corignew
_d1
_eecip
_f20
_gy-gencatlg
942 _2ddc
_cBK
_n0
999 _c2347
_d2347